{"text_format":"3","workbook":"xls","n_sheets":4,"sheets":["生产材料","Sheet2","Sheet3","Sheet1"],"not_rendered":{"images":35,"defined_names":1},"read":"whole","date_system":"1900","formulas":"cached_only"}

{"sheet":"生产材料","index":0,"n_rows":116,"n_cols":8,"rows_kept":116,"merged":[[0,0,0,7],[1,6,1,7],[2,0,2,2],[2,3,2,6],[115,0,115,7]],"flags":["formulas_cached_only"]}
["       窑街煤电集团\n               酒泉天宝煤业公司物资采购邀请询比价单"]
[]
["采购编号:TBMY2026-03-三类",null,null,"起止日期：2026年2月8日至2026年2月28日",{"$nulls":3},"单位：元"]
["序号","物资名称","型号规格","单位","数量","税率","品牌或生产厂家","备注"]
[1,"除雪铲","锰钢/70cm*28cm/带木柄1.2m","把",10,"13%"]
[2,"手持电动割草机","科迈克/9寸无刷20节双电工业款","台",1,"13%"]
[3,"焊接角度固定器","120*83*16mm\n25KG吸附力","个",6,"13%","=DISPIMG(\"ID_0DEF989818864D139B3BBD2ACBA62165\",1)"]
[4,"大铁锹","大方锹头（不带把）\n380*280mm、柄长130mm\n（总长510mm）","个",10,"13%","=DISPIMG(\"ID_A3C0AD44189D44C0832BF6E2656D3276\",1)"]
[5,"耙子","锰钢耙子头（不带把）\n500*135","个",20,"13%","=DISPIMG(\"ID_690D3590D09F46CB9AA6F8158EF9BCE8\",1)"]
[6,"输送带边补修补胶","蜗牛励信LX8800","套",3,"13%"]
[7,"输送带修补条","蜗牛励信LX8605-150*10000mm","套",3,"13%"]
[8,"输送带快速耐磨修补胶","蜗牛励信LX8600-03","套",3,"13%"]
[9,"自喷式高效清洁剂","蜗牛励信LX8667","套",3,"13%"]
[10,"等离子切割机","等离子切割机外置空压机\n（单用重工120：380V）","台",1,"13%"]
[11,"锂电池吹风机","东城吹风机单电6.0AH\n输出功率：350W；转速：0-19000r/min","台",1,"13%"]
[12,"阻燃粘接剂","蜗牛励信LX8088","套",3,"13%"]
[13,"一氧化碳","标准气体浓度0.050%，\n瓶身材质铝合金8L/瓶","瓶",4,"13%"]
[14,"金属切片","405*3.2*32mm","片",20,"13%"]
[15,"双柄高压注油嘴","双柄高压注油嘴+30厘米软管","套",5,"13%","=DISPIMG(\"ID_0FCEF73D58944630B9C526E91B0C3ED8\",1)"]
[16,"润滑脂","长城7014-1高温润滑脂 16L/桶","桶",5,"13%"]
[17,"防冻液","室外-35°16L/桶","桶",10,"13%"]
[18,"防水帆布","长6m,宽4m（绿色）","㎡",144,"13%"]
[19,"毛刷","铝合金H型毛长20mm\n(28mm长8*8mm),1m/根","根",20,"13%","=DISPIMG(\"ID_45CD17478586448D8416511836D9D2DF\",1)"]
[20,"毛刷条","铁皮毛刷条5*5mm,1m/根","根",20,"13%","=DISPIMG(\"ID_624E7C532A774C36B33AD7862DF86DD4\",1)"]
[21,"防爆照明灯","220V(圆形LED防爆灯70W)\nφ215*130mm亚明照明","个",30,"13%"]
[22,"转换开关","LW26-20Y/XD2\nUi:500V；Ith20A;AC380V;DC220v\n面板48*48mm、2节","个",10,"13%",null,"主厂房高压\n配电室"]
[23,"抽拉铆钉","M5*8","只",200,"13%"]
[24,"外六角钻尾自钻螺丝","M5*30","个",300,"13%","=DISPIMG(\"ID_79BD0366128D4A5987277921E4EC6D50\",1)"]
[25,"安全带","5点式双大沟缓冲包","条",5,"13%","=DISPIMG(\"ID_3613FC316645449DB761870F057CC335\",1)"]
[26,"虎口卡夹","开口25mm可穿12.5mm丝杆","个",50,"13%","=DISPIMG(\"ID_9862E03EDE414FD3A0201273B2827682\",1)"]
[27,"内六角螺栓"," M5mm*40mm（8.8级全牙）","个",100,"13%"]
[28,"内六角螺栓","M6mm*40mm（8.8级全牙）","个",100,"13%"]
[29,"内六角螺栓","M8mm*40mm（8.8级全牙）","个",100,"13%"]
[30,"内六角螺栓","M10mm*40mm（8.8级全牙）","个",100,"13%"]
[31,"内六角螺栓","M12mm*40mm（8.8级全牙）","个",100,"13%"]
[32,"PVC九头鸟牌绝缘胶带（黑）","PVC九头鸟牌绝缘胶带","卷",10,"13%"]
[33,"PVC九头鸟牌绝缘胶带（红）","PVC九头鸟牌绝缘胶带","卷",10,"13%"]
[34,"PVC九头鸟牌绝缘胶带（绿）","PVC九头鸟牌绝缘胶带","卷",10,"13%"]
[35,"PVC九头鸟牌绝缘胶带（黄）","PVC九头鸟牌绝缘胶带","卷",10,"13%"]
[36,"圆口带刃大力钳","世达牌，10寸","把",4,"13%","=DISPIMG(\"ID_DA7B3304E377471FA11B23BA6A4F8794\",1)"]
[37,"平口带刃大力钳","世达牌，10寸","把",4,"13%","=DISPIMG(\"ID_44950C403EAB46F68F037E084013A05D\",1)"]
[38,"机械三抓拉马","青海湖20寸500mm","台",1,"13%","=DISPIMG(\"ID_9F83A9863C134E48BF16BF5AF82E0A48\",1)"]
[39,"分体式液压拉马","50吨","台",1,"13%","=DISPIMG(\"ID_F1BE610B60DA441288AEE06750811DDB\",1)"]
[40,"风动扳手","1寸方头扭矩2400","台",1,"13%","=DISPIMG(\"ID_0D3AE44CF8E34870AF5E74C82BC5D317\",1)"]
[41,"焊条","长虹牌，THJ422/3.2mm","公斤",40,"13%"]
[42,"角钢","（40*40）厚度3mm","米",120,"13%"]
[43,"角钢","（50*50）厚度3mm","米",120,"13%"]
[44,"镀锌钢管","直径4分","米",60,"13%"]
[45,"镀锌铁丝网片","网孔20mm丝粗2.5mm\n(宽1.2米长2米）","片",20,"13%","=DISPIMG(\"ID_CE6DE63F601F4701BFE04DC5EC7A72C2\",1)"]
[46,"彩钢平板","0.75mm厚宽1.2米","米",150,"13%","=DISPIMG(\"ID_6591992DDA524FD3B17E899D29A833D2\",1)"]
[47,"扁铁","30*2.5mm","米",48,"13%"]
[48,"消防止回阀","DN80（压力16）","个",6,"13%"]
[49,"消防沟槽涡轮信号蝶阀","PN16\nDN80","个",6,"13%"]
[50,"隔爆型接线端子","JL16-1140HS-M48×2","个",6,"13%"]
[51,"钢卷尺","10米×25mm","把","6","13%"]
[52,"十字螺丝刀","世达杆长150mm  6寸","把",3,"13%"]
[53,"麻花钻头","信工5mm","只",10,"13%"]
[54,"麻花钻头","信工6mm","只",10,"13%"]
[55,"钨钢合金钻头","绿林8*150mm","只",10,"13%"]
[56,"钨钢合金钻头","绿林10*150mm","只",10,"13%"]
[57,"钨钢合金钻头","绿林12*150mm","只",10,"13%"]
[58,"钨钢合金钻头","绿林14*150mm","只",10,"13%"]
[59,"电锤钻头","绿林8mm（圆柄）","只",3,"13%"]
[60,"电锤钻头","绿林12mm（圆柄）","只",3,"13%"]
[61,"电锤钻头","绿林14mm（圆柄）","只",3,"13%"]
[62,"强磁内六角批头","绿林6mm","个",5,"13%"]
[63,"强磁内六角批头","绿林8mm","个",5,"13%"]
[64,"强磁内六角批头","绿林10mm","个",5,"13%"]
[65,"强磁内六角批头","绿林12mm","个",5,"13%"]
[66,"开孔钻头","绿林开孔直径20mm","只",5,"13%"]
[67,"石墨盘根","耐磨铜丝增强型，12*12mm","米",10,"13%"]
[68,"重负荷齿轮合成油","长启，L-CKD220#18升/桶，14kg","桶",10,"13%"]
[69,"螺栓","M12*50mm","套",200,"13%"]
[70,"工程机械专用尿素溶液","AUS32，10kg/桶","桶",10,"13%"]
[71,"电镀宝塔菜盆水龙头","冷热水不锈钢水龙头","个",10,"13%"]
[72,"水槽扳手","八合一装","套",5,"13%"]
[73,"面盆冷热双控水龙头","枪灰色，304不锈钢耐腐蚀，表面烤漆，直径4分","个",30,"13%"]
[74,"6孔橡胶法兰垫片","深井泵专用带缺口，DN100","个",100,"13%"]
[75,"GT紫铜冷压线端子连接管","70m㎡/265A，壁厚1.5mm","个",50,"13%"]
[76,"GT紫铜冷压线端子连接管","95m㎡/320A，壁厚1.5mm","个",50,"13%"]
[77,"GT紫铜冷压线端子连接管","240m㎡/600A，壁厚2.5mm","个",50,"13%"]
[78,"环形石墨盘根","10x10mm，内径60mm","个",20,"13%"]
[79,"螺杆空压机专用冷却液","CS32，山西昊瑞螺杆式空压机专用，18L/桶","桶",10,"13%"]
[80,"护套电缆线","白色护套纯铜软芯电线， RVV,2*2.5mm2","米",100,"13%"]
[81,"护套电缆线","白色护套纯铜软芯电线，RVV,2*4mm2","米",100,"13%"]
[82,"蛇皮管子","PVC纤维蛇皮管，内径16mm，壁厚2.5mm","米",50,"13%"]
[83,"塑胶齿轮润滑脂","HDL1680258-5，滴点258℃，1kg/桶","罐",10,"13%"]
[84,"二硫化钼润滑脂","含量95%，25KG","桶",4,"13%"]
[85,"自攻螺丝","ST3*6mm","个",200,"13%"]
[86,"自攻螺丝","ST4.8*15mm","个",200,"13%"]
[87,"环氧树脂灌注AB胶","电缆接头专用双组分环氧灌封胶套装，22kg/套","套",5,"13%"]
[88,"电子数显卡尺","绿林，锌合金不锈钢尺身，0-200mm量程，","个",2,"13%"]
[89,"小便斗一体化感应器","恒洁，H410/H408，面板+感应器","套",5,"13%"]
[90,"明装大便池感应器套装","通用型，DC头，6V电源，含阀门、电源适配器，（详见图片）","套",2,"13%"]
[91,"LED照明灯泡","飞雕，E27螺口，18W，220V,PC材质","个",10,"13%"]
[92,"嵌入式LED射灯","白光，外径9cm，内置变压器5W，220V，开孔尺寸6.8-8cm","个",5,"13%"]
[93,"凡士林","井下电气接头专用，30g/罐，最新生产日期","罐",5,"13%"]
[94,"电缆挂钩","矿用阻燃型，GL-PVC80，加强型","个",100,"13%"]
[95,"防毒面罩","普达，4001面罩+D1347号小罐（防四类综合气体）","套",5,"13%"]
[96,"LED平板灯驱动电源","16-36W，300mA，SM平针接头，220V","个",10,"13%"]
[97,"对讲机","MOTOROLA\nTYPE-C性能王","个",6,"13%"]
[98,"红外热成像仪","海康威视\nH10S","个",2,"13%"]
[99,"吹风机电机","贝德拉BEDL\n775短轴款","个",4,"13%"]
[100,"照明灯","LED光源，220V400w 全铝灯体      亚明 ","个",8,"13%"]
[101,"肩灯","充电式LED爆闪肩灯 红蓝色，续航>11小时，500mAh","个",10,"13%"]
[102]
[103]
[104]
[105]
[106]
[107]
[108]
[109]
[110]
[111]
["\n需要说明的其它事项：含税13%、报价包含装卸费、运费等其他费用。"]

{"sheet":"Sheet2","index":1,"n_rows":0,"n_cols":0,"rows_kept":0,"flags":["formulas_cached_only"]}

{"sheet":"Sheet3","index":2,"n_rows":0,"n_cols":0,"rows_kept":0,"flags":["formulas_cached_only"]}

{"sheet":"Sheet1","index":3,"n_rows":253,"n_cols":6,"rows_kept":253,"flags":["formulas_cached_only"]}
{"$rows_empty":151}
["除雪铲","锰钢/70cm*28cm/带木柄1.2m",{"v":45,"d":"45.00"},"把",10,{"v":450,"d":"450.00"}]
["手持电动割草机","科迈克/9寸无刷20节双电工业款",{"v":880,"d":"880.00"},"台",1,{"v":880,"d":"880.00"}]
["焊接角度固定器","120*83*16mm\n25KG吸附力",{"v":85,"d":"85.00"},"个",6,{"v":510,"d":"510.00"}]
["大铁锹","大方锹头（不带把）\n380*280mm、柄长130mm\n（总长510mm）",{"v":30,"d":"30.00"},"个",10,{"v":300,"d":"300.00"}]
["耙子","锰钢耙子头（不带把）\n500*135",{"v":30,"d":"30.00"},"个",20,{"v":600,"d":"600.00"}]
["输送带边补修补胶","蜗牛励信LX8800",{"v":520,"d":"520.00"},"套",3,{"v":1560,"d":"1560.00"}]
["输送带修补条","蜗牛励信LX8605-150*10000mm",{"v":2500,"d":"2500.00"},"套",3,{"v":7500,"d":"7500.00"}]
["输送带快速耐磨修补胶","蜗牛励信LX8600-03",{"v":450,"d":"450.00"},"套",3,{"v":1350,"d":"1350.00"}]
["自喷式高效清洁剂","蜗牛励信LX8667",{"v":180,"d":"180.00"},"套",3,{"v":540,"d":"540.00"}]
["等离子切割机","等离子切割机外置空压机\n（单用重工120：380V）",{"v":5358,"d":"5358.00"},"台",1,{"v":5358,"d":"5358.00"}]
["锂电池吹风机","东城吹风机单电6.0AH\n输出功率：350W；转速：0-19000r/min",{"v":450,"d":"450.00"},"台",1,{"v":450,"d":"450.00"}]
["阻燃粘接剂","蜗牛励信LX8088",{"v":350,"d":"350.00"},"套",3,{"v":1050,"d":"1050.00"}]
["一氧化碳","标准气体浓度0.050%，瓶身材质铝合金8L/瓶",{"v":2400,"d":"2400.00"},"瓶",4,{"v":9600,"d":"9600.00"}]
["金属切片","405*3.2*32mm",{"v":30,"d":"30.00"},"片",20,{"v":600,"d":"600.00"}]
["双柄高压注油嘴","双柄高压注油嘴+30厘米软管",{"v":55,"d":"55.00"},"套",5,{"v":275,"d":"275.00"}]
["润滑脂","长城7014-1高温润滑脂 16L/桶",{"v":1200,"d":"1200.00"},"桶",5,{"v":6000,"d":"6000.00"}]
["防冻液","室外-35°16L/桶",{"v":480,"d":"480.00"},"桶",10,{"v":4800,"d":"4800.00"}]
["防水帆布","长6m,宽4m（绿色）",{"v":45,"d":"45.00"},"㎡",144,{"v":6480,"d":"6480.00"}]
["毛刷","铝合金H型毛长20mm\n(28mm长8*8mm),1m/根",{"v":35,"d":"35.00"},"根",20,{"v":700,"d":"700.00"}]
["毛刷条","铁皮毛刷条5*5mm,1m/根",{"v":20,"d":"20.00"},"根",20,{"v":400,"d":"400.00"}]
["防爆照明灯","220V(圆形LED防爆灯70W)\nφ215*130mm亚明照明",{"v":220,"d":"220.00"},"个",30,{"v":6600,"d":"6600.00"}]
["转换开关","LW26-20Y/XD2\nUi:500V；Ith20A;AC380V;DC220v\n面板48*48mm、2节",{"v":85,"d":"85.00"},"个",10,{"v":850,"d":"850.00"}]
["抽拉铆钉","M5*8",{"v":0.5,"d":"0.50"},"只",200,{"v":100,"d":"100.00"}]
["外六角钻尾自钻螺丝","M5*30",{"v":0.5,"d":"0.50"},"个",300,{"v":150,"d":"150.00"}]
["安全带","5点式双大沟缓冲包",{"v":320,"d":"320.00"},"条",5,{"v":1600,"d":"1600.00"}]
["虎口卡夹","开口25mm可穿12.5mm丝杆",{"v":8,"d":"8.00"},"个",50,{"v":400,"d":"400.00"}]
["内六角螺栓"," M5mm*40mm（8.8级全牙）",{"v":1,"d":"1.00"},"个",100,{"v":100,"d":"100.00"}]
["内六角螺栓","M6mm*40mm（8.8级全牙）",{"v":1,"d":"1.00"},"个",100,{"v":100,"d":"100.00"}]
["内六角螺栓","M8mm*40mm（8.8级全牙）",{"v":1,"d":"1.00"},"个",100,{"v":100,"d":"100.00"}]
["内六角螺栓","M10mm*40mm（8.8级全牙）",{"v":1.5,"d":"1.50"},"个",100,{"v":150,"d":"150.00"}]
["内六角螺栓","M12mm*40mm（8.8级全牙）",{"v":2,"d":"2.00"},"个",100,{"v":200,"d":"200.00"}]
["PVC九头鸟牌绝缘胶带（黑）","PVC九头鸟牌绝缘胶带",{"v":5,"d":"5.00"},"卷",10,{"v":50,"d":"50.00"}]
["PVC九头鸟牌绝缘胶带（红）","PVC九头鸟牌绝缘胶带",{"v":5,"d":"5.00"},"卷",10,{"v":50,"d":"50.00"}]
["PVC九头鸟牌绝缘胶带（绿）","PVC九头鸟牌绝缘胶带",{"v":5,"d":"5.00"},"卷",10,{"v":50,"d":"50.00"}]
["PVC九头鸟牌绝缘胶带（黄）","PVC九头鸟牌绝缘胶带",{"v":5,"d":"5.00"},"卷",10,{"v":50,"d":"50.00"}]
["圆口带刃大力钳","世达牌，10寸",{"v":65,"d":"65.00"},"把",4,{"v":260,"d":"260.00"}]
["平口带刃大力钳","世达牌，10寸",{"v":65,"d":"65.00"},"把",4,{"v":260,"d":"260.00"}]
["机械三抓拉马","青海湖20寸500mm",{"v":320,"d":"320.00"},"台",1,{"v":320,"d":"320.00"}]
["分体式液压拉马","50吨",{"v":1560,"d":"1560.00"},"台",1,{"v":1560,"d":"1560.00"}]
["风动扳手","1寸方头扭矩2400",{"v":540,"d":"540.00"},"台",1,{"v":540,"d":"540.00"}]
["焊条","长虹牌，THJ422/3.2mm",{"v":15,"d":"15.00"},"公斤",40,{"v":600,"d":"600.00"}]
["角钢","（40*40）厚度3mm",{"v":14,"d":"14.00"},"米",120,{"v":1680,"d":"1680.00"}]
["角钢","（50*50）厚度3mm",{"v":15,"d":"15.00"},"米",120,{"v":1800,"d":"1800.00"}]
["镀锌钢管","直径4分",{"v":15,"d":"15.00"},"米",60,{"v":900,"d":"900.00"}]
["镀锌铁丝网片","网孔20mm丝粗2.5mm\n(宽1.2米长2米）",{"v":150,"d":"150.00"},"片",20,{"v":3000,"d":"3000.00"}]
["彩钢平板","0.75mm厚宽1.2米",{"v":45,"d":"45.00"},"米",150,{"v":6750,"d":"6750.00"}]
["扁铁","30*2.5mm",{"v":8,"d":"8.00"},"米",48,{"v":384,"d":"384.00"}]
["消防止回阀","DN80（压力16）",{"v":380,"d":"380.00"},"个",6,{"v":2280,"d":"2280.00"}]
["消防沟槽涡轮信号蝶阀","PN16\nDN80",{"v":420,"d":"420.00"},"个",6,{"v":2520,"d":"2520.00"}]
["隔爆型接线端子","JL16-1140HS-M48×2",{"v":150,"d":"150.00"},"个",6,{"v":900,"d":"900.00"}]
["钢卷尺","10米×25mm",{"v":35,"d":"35.00"},"把","6",{"v":210,"d":"210.00"}]
["十字螺丝刀","世达杆长150mm  6寸",{"v":15,"d":"15.00"},"把",3,{"v":45,"d":"45.00"}]
["麻花钻头","信工5mm",{"v":8,"d":"8.00"},"只",10,{"v":80,"d":"80.00"}]
["麻花钻头","信工6mm",{"v":10,"d":"10.00"},"只",10,{"v":100,"d":"100.00"}]
["钨钢合金钻头","绿林8*150mm",{"v":10,"d":"10.00"},"只",10,{"v":100,"d":"100.00"}]
["钨钢合金钻头","绿林10*150mm",{"v":18,"d":"18.00"},"只",10,{"v":180,"d":"180.00"}]
["钨钢合金钻头","绿林12*150mm",{"v":25,"d":"25.00"},"只",10,{"v":250,"d":"250.00"}]
["钨钢合金钻头","绿林14*150mm",{"v":35,"d":"35.00"},"只",10,{"v":350,"d":"350.00"}]
["电锤钻头","绿林8mm（圆柄）",{"v":5,"d":"5.00"},"只",3,{"v":15,"d":"15.00"}]
["电锤钻头","绿林12mm（圆柄）",{"v":8,"d":"8.00"},"只",3,{"v":24,"d":"24.00"}]
["电锤钻头","绿林14mm（圆柄）",{"v":12,"d":"12.00"},"只",3,{"v":36,"d":"36.00"}]
["强磁内六角批头","绿林6mm",{"v":7.5,"d":"7.50"},"个",5,{"v":37.5,"d":"37.50"}]
["强磁内六角批头","绿林8mm",{"v":7.5,"d":"7.50"},"个",5,{"v":37.5,"d":"37.50"}]
["强磁内六角批头","绿林10mm",{"v":7.5,"d":"7.50"},"个",5,{"v":37.5,"d":"37.50"}]
["强磁内六角批头","绿林12mm",{"v":7.5,"d":"7.50"},"个",5,{"v":37.5,"d":"37.50"}]
["开孔钻头","绿林开孔直径20mm",{"v":15,"d":"15.00"},"只",5,{"v":75,"d":"75.00"}]
["石墨盘根","耐磨铜丝增强型，12*12mm",{"v":45,"d":"45.00"},"米",10,{"v":450,"d":"450.00"}]
["重负荷齿轮合成油","长启，L-CKD220#18升/桶，14kg",{"v":235,"d":"235.00"},"桶",10,{"v":2350,"d":"2350.00"}]
["螺栓","M12*50mm",{"v":2,"d":"2.00"},"套",200,{"v":400,"d":"400.00"}]
["工程机械专用尿素溶液","AUS32，10kg/桶",{"v":60,"d":"60.00"},"桶",10,{"v":600,"d":"600.00"}]
["电镀宝塔菜盆水龙头","冷热水不锈钢水龙头",{"v":160,"d":"160.00"},"个",10,{"v":1600,"d":"1600.00"}]
["水槽扳手","八合一装",{"v":10,"d":"10.00"},"套",5,{"v":50,"d":"50.00"}]
["面盆冷热双控水龙头","枪灰色，304不锈钢耐腐蚀，表面烤漆，直径4分",{"v":45,"d":"45.00"},"个",30,{"v":1350,"d":"1350.00"}]
["6孔橡胶法兰垫片","深井泵专用带缺口，DN100",{"v":3,"d":"3.00"},"个",100,{"v":300,"d":"300.00"}]
["GT紫铜冷压线端子连接管","70m㎡/265A，壁厚1.5mm",{"v":8,"d":"8.00"},"个",50,{"v":400,"d":"400.00"}]
["GT紫铜冷压线端子连接管","95m㎡/320A，壁厚1.5mm",{"v":10,"d":"10.00"},"个",50,{"v":500,"d":"500.00"}]
["GT紫铜冷压线端子连接管","240m㎡/600A，壁厚2.5mm",{"v":25,"d":"25.00"},"个",50,{"v":1250,"d":"1250.00"}]
["环形石墨盘根","10x10mm，内径60mm",{"v":20,"d":"20.00"},"个",20,{"v":400,"d":"400.00"}]
["螺杆空压机专用冷却液","CS32，山西昊瑞螺杆式空压机专用，18L/桶",{"v":820,"d":"820.00"},"桶",10,{"v":8200,"d":"8200.00"}]
["护套电缆线","白色护套纯铜软芯电线， RVV,2*2.5mm2",{"v":10,"d":"10.00"},"米",100,{"v":1000,"d":"1000.00"}]
["护套电缆线","白色护套纯铜软芯电线，RVV,2*4mm2",{"v":15,"d":"15.00"},"米",100,{"v":1500,"d":"1500.00"}]
["蛇皮管子","PVC纤维蛇皮管，内径16mm，壁厚2.5mm",{"v":6,"d":"6.00"},"米",50,{"v":300,"d":"300.00"}]
["塑胶齿轮润滑脂","HDL1680258-5，滴点258℃，1kg/桶",{"v":120,"d":"120.00"},"罐",10,{"v":1200,"d":"1200.00"}]
["二硫化钼润滑脂","含量95%，25KG",{"v":850,"d":"850.00"},"桶",4,{"v":3400,"d":"3400.00"}]
["自攻螺丝","ST3*6mm",{"v":0.5,"d":"0.50"},"个",200,{"v":100,"d":"100.00"}]
["自攻螺丝","ST4.8*15mm",{"v":0.5,"d":"0.50"},"个",200,{"v":100,"d":"100.00"}]
["环氧树脂灌注AB胶","电缆接头专用双组分环氧灌封胶套装，22kg/套",{"v":650,"d":"650.00"},"套",5,{"v":3250,"d":"3250.00"}]
["电子数显卡尺","绿林，锌合金不锈钢尺身，0-200mm量程，",{"v":185,"d":"185.00"},"个",2,{"v":370,"d":"370.00"}]
["小便斗一体化感应器","恒洁，H410/H408，面板+感应器",{"v":65,"d":"65.00"},"套",5,{"v":325,"d":"325.00"}]
["明装大便池感应器套装","通用型，DC头，6V电源，含阀门、电源适配器，（详见图片）",{"v":120,"d":"120.00"},"套",2,{"v":240,"d":"240.00"}]
["LED照明灯泡","飞雕，E27螺口，18W，220V,PC材质",{"v":15,"d":"15.00"},"个",10,{"v":150,"d":"150.00"}]
["嵌入式LED射灯","白光，外径9cm，内置变压器5W，220V，开孔尺寸6.8-8cm",{"v":10,"d":"10.00"},"个",5,{"v":50,"d":"50.00"}]
["凡士林","井下电气接头专用，30g/罐，最新生产日期",{"v":20,"d":"20.00"},"罐",5,{"v":100,"d":"100.00"}]
["电缆挂钩","矿用阻燃型，GL-PVC80，加强型",{"v":15,"d":"15.00"},"个",100,{"v":1500,"d":"1500.00"}]
["防毒面罩","普达，4001面罩+D1347号小罐（防四类综合气体）",{"v":880,"d":"880.00"},"套",5,{"v":4400,"d":"4400.00"}]
["LED平板灯驱动电源","16-36W，300mA，SM平针接头，220V",{"v":15,"d":"15.00"},"个",10,{"v":150,"d":"150.00"}]
["对讲机","MOTOROLA\nTYPE-C性能王",{"v":380,"d":"380.00"},"个",6,{"v":2280,"d":"2280.00"}]
["红外热成像仪","海康威视\nH10S",{"v":320,"d":"320.00"},"个",2,{"v":640,"d":"640.00"}]
["吹风机电机","贝德拉BEDL\n775短轴款",{"v":520,"d":"520.00"},"个",4,{"v":2080,"d":"2080.00"}]
["照明灯","LED光源，220V400w 全铝灯体      亚明 ",{"v":160,"d":"160.00"},"个",8,{"v":1280,"d":"1280.00"}]
["肩灯","充电式LED爆闪肩灯 红蓝色，续航>11小时，500mAh",{"v":45,"d":"45.00"},"个",10,{"v":450,"d":"450.00"}]
[{"$nulls":5},128037]